Teología, ciencia de la salvación /

Kaydedildi:
Detaylı Bibliyografya
Yazar: Latourelle, René (autor)
Materyal Türü: Kitap
Dil:İspanyolca
Baskı/Yayın Bilgisi: Salamanca, España : Sígueme, 1968, c1968
Etiketler: Etiketle
Etiket eklenmemiş, İlk siz ekleyin!

MARC

LEADER 00000nam^a2200000^a^4500
001 000616453
005 20250626000000.0
009 20260310133722.07
037 |a Acervo ITESO - Biblioteca 
041 |a ESP 
091 |a FGU. 00066 
100 |a Latourelle, René  |e (autor) 
245 1 0 |a Teología, ciencia de la salvación / 
264 4 |a Salamanca, España :  |b Sígueme,  |c 1968, c1968 
300 |a 386 p. 
336 |a texto  |b txt  |2 rdacontenido 
337 |a sin mediación  |b n  |2 rdamedio 
338 |a volumen  |b nc  |2 rdasoporte 
649 |a XX 
910 |a Fondo Guadalupe Morfín Otero 
920 |a Impresos - Libros 
930 |a Fondos Especiales 
905 |a 146 
901 |a 616453-10  |b IT2  |c ESP  |i D  |u 20250626 
902 |a https://opac.biblio.iteso.mx/vufind/Record/000616453